[Event "World op"]
[Site "Philadelphia"]
[Date "1992.??.??"]
[Round "8"]
[White "Stone, Raymond"]
[Black "Belopolsky, Boris"]
[Result "1/2-1/2"]
[WhiteElo "2355"]
[BlackElo "2270"]

1.d4 Nf6 2.c4 g6 3.Nc3 Bg7 4.e4 d6 5.Nf3 O-O 6.Be2 e5 7.O-O Na6 8.Be3 Ng4
9.Bg5 f6 10.Bh4 g5 11.Bg3 Nh6 12.dxe5 fxe5 13.Ne1 Nc5 14.Nc2 Ne6 15.Ne3 Nd4
16.h3 Kh8 17.Bg4 Ng8 18.f3 Ne7 19.Bf2 Ng6 20.Ne2 h5 21.Bxc8 Rxc8 22.Ng3 Nf4
23.Nef5 h4 24.Bxd4 hxg3 25.Bc3 Rxf5 26.exf5 Qf6 27.Qc2 Qh6 28.Rfe1 Re8 29.Qa4 Rf8
30.f6 Bxf6 31.Qd7 Qg6 32.Rad1 Qf7 33.Qxf7 Rxf7 34.Re4 Kg7 35.Be1 Nh5 36.Rg4 Kf8
37.Bxg3 Nxg3 38.Rxg3 Ke7 39.Rg4 Ke6 40.Kf2 c6 41.Ke3 a6 42.Rc1 Rc7 43.Kd3 Rc8
44.Re4 Rh8 45.Re2 Rh4 46.Re4 Rh8 47.Rc2 Bd8 48.Rce2 Bf6 49.Rg4 Kf5 50.Re1 Rb8
51.Rc1 Ke6 52.b4 Rh8 53.a4 Be7 54.Ra1 Kd7 55.Ra2 Ke6 56.Re4 d5 57.Rg4 Kd6
58.cxd5 cxd5 59.Rc2 Rf8  1/2-1/2

[Event "World op"]
[Site "Philadelphia"]
[Date "1992.??.??"]
[Round "8"]
[White "Rao, Vivek"]
[Black "Rogers, Norman"]
[Result "1-0"]
[WhiteElo "2390"]
[BlackElo "2330"]

1.d4 Nf6 2.c4 g6 3.Nc3 Bg7 4.e4 d6 5.Nf3 O-O 6.Be2 Nbd7 7.O-O e5 8.Be3 c6
9.Qc2 exd4 10.Nxd4 Re8 11.Rad1 Qe7 12.f3 a5 13.Kh1 Nc5 14.Rfe1 Nh5 15.Bf1 a4
16.Qd2 a3 17.b3 Be5 18.g4 Ng7 19.g5 h6 20.gxh6 Nh5 21.f4 Bh8 22.Bg2 Bg4 23.Rb1 Qh4
24.Bf2 Qf6 25.f5 gxf5 26.h3 fxe4 27.hxg4 Nd3 28.Be3 Qh4+ 29.Kg1 Be5 30.gxh5 Ra5
31.h7+ Kh8 32.Nxe4 Nxe1 33.Rxe1 Bh2+ 34.Kf1 Rxh5 35.Nf3 Rf5 36.Bf2  1-0

[Event "Pila"]
[Site "Pila"]
[Date "1992.??.??"]
[Round "5"]
[White "Banas, Jan"]
[Black "Meduna, Eduard"]
[Result "1/2-1/2"]
[WhiteElo "2385"]
[BlackElo "2500"]

1.Nf3 g6 2.d4 Nf6 3.c4 Bg7 4.Nc3 O-O 5.e4 d6 6.Be2 e5 7.dxe5 dxe5 8.Qxd8 Rxd8
9.Nd5 Nxd5 10.cxd5 c6 11.Bc4 cxd5 12.Bxd5 Nd7  1/2-1/2

[Event "BCF-ch"]
[Site "Plymouth"]
[Date "1992.??.??"]
[Round "4"]
[White "Rossiter, Philip J"]
[Black "Hebden, Mark"]
[Result "0-1"]
[WhiteElo "2280"]
[BlackElo "2510"]

1.Nf3 Nf6 2.c4 g6 3.d4 Bg7 4.Nc3 O-O 5.e4 d6 6.Be2 e5 7.d5 a5 8.Bg5 h6 9.Bh4 Na6
10.Nd2 h5 11.Bg5 Qe8 12.f3 Bd7 13.Be3 Nh7 14.Bd3 Qe7 15.Qe2 Bf6 16.O-O-O Bg5
17.h4 Bxe3 18.Qxe3 Nc5 19.Be2 f5 20.Rdg1 f4 21.Qf2 Kh8 22.Kc2 c6 23.Kb1 a4
24.g3 fxg3 25.Rxg3 Be8 26.Qe3 Rf4 27.Rgh3 Bd7 28.R3h2 Qd8 29.Bd1 Qa5 30.Rg1 Rg8
31.Ne2 Rf6 32.Rhg2 cxd5 33.cxd5 Bb5 34.Nc3 Bd3+ 35.Bc2 Qa6 36.Bxd3 Nxd3 37.Rh2 a3
38.b3 Rc8 39.Nc4 Nf4 40.Rc2 Rcf8 41.Rg3 b5 42.Nb6 b4 43.Nd7 bxc3 44.Nxf6 Nxf6
45.Rg1 Nd7 46.Rxg6 Qf1+ 47.Rc1 c2+ 48.Ka1 Qe2 49.Rcg1 Qd1+ 50.Qc1 Qd4+  0-1

[Event "BCF-ch"]
[Site "Plymouth"]
[Date "1992.??.??"]
[Round "6"]
[White "Kumaran, Dharshan"]
[Black "Bibby, Simon"]
[Result "1-0"]
[WhiteElo "2380"]
[BlackElo "2285"]

1.d4 Nf6 2.c4 g6 3.Nc3 Bg7 4.e4 d6 5.Nf3 O-O 6.Be2 e5 7.d5 a5 8.Be3 Ng4 9.Bg5 f6
10.Bh4 Na6 11.Nd2 h5 12.a3 Bd7 13.O-O Nh6 14.f3 Qe8 15.b4 g5 16.Bf2 f5 17.exf5 Bxf5
18.Nde4 Qg6 19.bxa5 Bxe4 20.Nxe4 g4 21.Rb1 gxf3 22.Bxf3 Rf4 23.Qd3 h4 24.Be3 Rf7
25.Bxh6 Bxh6 26.Rxb7 Raf8 27.Ra7 Nb8 28.Ra8 Nd7 29.Rxf8+ Rxf8 30.a6 Ra8 31.c5 dxc5
32.d6 c6 33.Qb3+ Kh8 34.Qb7 Rf8 35.Qxd7 Be3+ 36.Kh1 Qxe4 37.Qe7 Qf4 38.d7  1-0

[Event "RUS-chT"]
[Site "Podolsk"]
[Date "1992.??.??"]
[Round "?"]
[White "Magerramov, Elmar"]
[Black "Shliahtin, IE."]
[Result "1-0"]
[WhiteElo "2565"]
[BlackElo "2310"]

1.d4 Nf6 2.c4 g6 3.Nc3 Bg7 4.e4 d6 5.Be2 O-O 6.Nf3 e5 7.Be3 exd4 8.Nxd4 Re8
9.f3 c6 10.Bf2 d5 11.exd5 cxd5 12.c5 Nc6 13.O-O Nxd4 14.Bxd4 Be6 15.Qd2 h5
16.Nb5 Re7 17.Rfe1 Ne8 18.Rad1 a6 19.Nc3 Nf6 20.Na4 Qe8 21.Nb6 Rd8 22.Qc3 Bf5
23.Bxf6 Rxe2 24.Bxg7 d4 25.Rxe2 Qxe2 26.Rxd4 Re8 27.Bf6 Kh7 28.h4 Bh3 29.gxh3 Re3
30.Rd8 g5 31.Rh8+ Kg6 32.Rg8+ Kh7 33.Rg7+  1-0

[Event "RUS-chT"]
[Site "Podolsk"]
[Date "1992.??.??"]
[Round "?"]
[White "Skudnov, Sergej"]
[Black "Varavin, Viktor"]
[Result "1/2-1/2"]
[WhiteElo "2380"]
[BlackElo "2465"]

1.d4 Nf6 2.c4 d6 3.Nc3 g6 4.e4 Bg7 5.Be2 O-O 6.Nf3 e5 7.O-O Nbd7 8.Qc2 c6
9.Rd1 Qe7 10.d5 c5 11.Ne1 Ne8 12.Nd3 f5 13.f3 a5 14.exf5 gxf5 15.Nf2 Kh8
16.Bd3 e4 17.fxe4 f4 18.Bf1 Ne5 19.Ne2 Qh4 20.a4 Bg4 21.Ra3 f3 22.Ng3 fxg2
23.Bxg2 Bxd1 24.Nxd1 Ng4 25.Bf3 Bd4+ 26.Kh1 Be5 27.Bxg4 Qxg4 28.Nf2 Qh4 29.Qe2 Nf6
30.Rf3 Nh5 31.Kg2 Rxf3 32.Qxf3 Nxg3 33.hxg3 Bxg3 34.Ng4 Be5 35.Nh6 Qh2+ 36.Kf1 Bg7
37.Nf7+ Kg8 38.Bf4 Qxb2 39.Nxd6 Rf8 40.Nf5 Qb1+ 41.Kg2 Rf7 42.Bd6 Rf6 43.Bxc5 Qc2+
44.Kh3 Qxc4 45.Bd6 Qc8 46.Qg4 Rxf5 47.Qxf5 Qxf5+ 48.exf5 Bc3 49.Kg4 Kf7 50.Bc5 Kf6
51.d6 h5+ 52.Kxh5 Kxf5 53.d7 Bf6 54.Bb6 Ke6 55.d8=Q Bxd8 56.Bxd8  1/2-1/2

[Event "RUS-chT"]
[Site "Podolsk"]
[Date "1992.??.??"]
[Round "?"]
[White "Kulikov, Oleg"]
[Black "Zakharevich, Igor"]
[Result "1/2-1/2"]
[WhiteElo "2335"]
[BlackElo "2350"]

1.d4 Nf6 2.c4 g6 3.Nc3 Bg7 4.e4 d6 5.Nf3 O-O 6.Be2 e5 7.O-O Qe8 8.d5 Nfd7
9.Ne1 f5 10.Nd3 f4 11.Bd2 Nf6 12.f3 Rf7 13.c5 Bf8 14.cxd6 cxd6 15.Nf2 h5
16.Qa4 Qd8 17.Rfc1 g5 18.h3 Rg7 19.Qd1 Na6 20.a4 Qe8 21.Nb5 g4 22.hxg4 hxg4
23.fxg4 Qg6 24.Rc4 Bxg4 25.Nxg4 Nxg4 26.Bxg4 Qxg4 27.Qxg4 Rxg4 28.Ra3 Rd8
29.b4 Rd7 30.Be1 Rdg7 31.Ra2 Be7 32.Kf1  1/2-1/2

[Event "RUS-chT"]
[Site "Podolsk"]
[Date "1992.??.??"]
[Round "?"]
[White "Svirin, O."]
[Black "Stirenkov, Veniami"]
[Result "1-0"]
[WhiteElo "2370"]
[BlackElo "2440"]

1.Nf3 Nf6 2.c4 g6 3.Nc3 Bg7 4.e4 d6 5.d4 O-O 6.Be2 e5 7.dxe5 dxe5 8.Qxd8 Rxd8
9.Bg5 Nbd7 10.O-O-O Rf8 11.b4 c6 12.a3 h6 13.Bd2 a5 14.Ne1 axb4 15.axb4 Re8
16.Nc2 Nb6 17.Be3 Na4 18.Nxa4 Rxa4 19.f3 Nh5 20.Rhe1 f5 21.Kb2 fxe4 22.fxe4 Nf6
23.Bd3 Be6 24.Ra1 Rea8 25.Rxa4 Rxa4 26.Ra1 Rxa1 27.Nxa1 Nd7 28.c5 Nf6 29.Nb3 Kf7
30.Na5 Bc8 31.Nc4 Ne8 32.Bd2 Be6 33.Na5 Bc8 34.Bc3 Ke6 35.Bc2 Nc7 36.Bb3+ Ke7
37.Nc4 Nb5 38.Bxe5 Bxe5+ 39.Nxe5 Kf6 40.Nf7 h5 41.e5+ Ke7 42.Nd6 Be6 43.Nxb5 cxb5
44.Bc2 Bd5 45.Kc3 Bxg2 46.Bxg6 h4 47.Kd4 Kd7 48.Bd3  1-0

[Event "RUS-chT"]
[Site "Podolsk"]
[Date "1992.??.??"]
[Round "?"]
[White "Lisik, Valery"]
[Black "Lukin, Andrei M"]
[Result "1/2-1/2"]
[WhiteElo "2475"]
[BlackElo "2435"]

1.d4 Nf6 2.Nf3 g6 3.c4 Bg7 4.Nc3 O-O 5.e4 d6 6.Be2 Nbd7 7.O-O e5 8.Re1 c6
9.Bf1 exd4 10.Nxd4 Ng4 11.Qxg4 Bxd4 12.Qg5 Nc5 13.Qxd8 Rxd8 14.Be3 Bxc3 15.bxc3 Nxe4
16.Bd4 c5 17.Rxe4 cxd4 18.cxd4 Be6 19.Re3 b6 20.Ra3 Rd7 21.f3 Rc7 22.d5 Bd7
23.g4 Re8 24.Kf2 Kg7  1/2-1/2

[Event "Podolsk"]
[Site "Podolsk"]
[Date "1992.??.??"]
[Round "?"]
[White "Giorgadze, Giorgi"]
[Black "Gufeld, Eduard"]
[Result "1-0"]
[WhiteElo "2525"]
[BlackElo "2485"]

1.d4 Nf6 2.c4 g6 3.Nc3 Bg7 4.e4 O-O 5.Nf3 d6 6.Be2 e5 7.Be3 h6 8.O-O Ng4
9.Bc1 Nc6 10.d5 Ne7 11.Nd2 f5 12.Bxg4 fxg4 13.b4 g5 14.c5 Ng6 15.Nc4 Rf7
16.Be3 Bf8 17.a4 Nf4 18.a5 h5 19.b5 dxc5 20.a6 Bd6 21.axb7 Bxb7 22.Na5 Bc8
23.Nc6 Qf6 24.Nxa7 Bd7 25.Ra6 Raf8 26.b6 cxb6 27.Rxb6 Rb8 28.Rxb8+ Bxb8 29.Nab5 Qa6
30.Qb3 Bxb5 31.Qxb5 Qxb5 32.Nxb5 Ne2+ 33.Kh1 Nd4 34.Rb1 Rb7 35.Nc3 Rb4 36.Bxg5 Bd6
37.h3 gxh3 38.gxh3 c4 39.Rc1 Kf7 40.Kg2 Rb3 41.Nd1 Ne2 42.Rxc4 Nf4+ 43.Bxf4 exf4
44.Rc3 Rb1 45.Rd3 Kf6 46.f3 Rc1 47.Kf1 Rc2 48.Rc3 Ra2 49.Rb3 Bc5 50.Rb2 Ra3
51.Ke2 Ke5 52.Rc2 Ba7 53.Nc3 Bd4 54.Kd3 Ra5 55.Kc4 Ra8 56.Nb5 Bb6 57.Kb3 Ra5
58.Rc6 Rxb5+ 59.Kc4  1-0

[Event "RUS-chT"]
[Site "Podolsk"]
[Date "1992.??.??"]
[Round "?"]
[White "Ikonnikov, Vyacheslav"]
[Black "Zakharevich, Igor"]
[Result "0-1"]
[WhiteElo "2490"]
[BlackElo "2350"]

1.d4 Nf6 2.Nf3 g6 3.c4 Bg7 4.Nc3 O-O 5.e4 d6 6.Be2 e5 7.O-O Qe8 8.d5 Nfd7
9.Ne1 f5 10.f3 f4 11.Nd3 Nf6 12.c5 Rf7 13.cxd6 cxd6 14.Nf2 Bf8 15.Bd2 h5
16.a4 g5 17.h3 Rg7 18.Nb5 Na6 19.Rc1 Qg6 20.Rc4 Nc5 21.Bb4 b6 22.Bxc5 bxc5
23.b4 cxb4 24.Rxb4 Bd7 25.Qd2 g4 26.fxg4 hxg4 27.hxg4 Nxg4 28.Nxg4 Bxg4 29.Rc4 Bd7
30.Bf3 Be7 31.Kf2 Bd8 32.Ke2 Bb6 33.Kd3 Rb8 34.Qc2 Bc5 35.Rb1 Bg4 36.Qe2 Bxf3
37.gxf3 a6 38.Nc3 Rxb1 39.Nxb1 Qg1 40.Rxc5 Qxc5 41.Nc3 Qd4+ 42.Kc2 Rc7  0-1

[Event "POL-ch"]
[Site "?"]
[Date "1992.??.??"]
[Round "3"]
[White "Przewoznik, Jan"]
[Black "Urban, Klaudiusz"]
[Result "1-0"]
[WhiteElo "2415"]
[BlackElo "2465"]

1.Nf3 Nf6 2.c4 g6 3.Nc3 Bg7 4.e4 d6 5.d4 O-O 6.Be2 e5 7.Be3 Nc6 8.d5 Ne7
9.Nd2 c5 10.Rb1 Ne8 11.b4 b6 12.bxc5 bxc5 13.Qa4 f5 14.f3 f4 15.Bf2 g5 16.Nb3 a5
17.Nb5 Ng6 18.Kd1 g4 19.Be1 Nh4 20.Rg1 Qg5 21.Nd2 Bd7 22.Qc2 Kh8 23.Qd3 gxf3
24.Nxf3 Nxf3 25.Bxf3 Rg8 26.a4 Bf8 27.Rf1 Qh6 28.h3 Be7 29.Rb2 Bd8 30.Kc2 Nc7
31.Bc3 Na6 32.Kb3 Nb4 33.Qd2 Be7 34.Qd1 Rg7 35.Rd2 Rc8 36.Qa1 Qg5 37.Qd1 h6
38.Qe1 Kh7 39.Qf2 Rcg8 40.Bxb4 axb4 41.Ra1 Qf6 42.Nc7 Rb8 43.Qe2 Rg3 44.a5 Bd8
45.Ne6 Ra8 46.a6 Ra7 47.Rda2 Bb6 48.Kb2 Rg8 49.Bg4 Kh8 50.Qf2 Qg6 51.Qh4 Bxe6
52.dxe6 Bd8 53.Qe1 h5 54.Bf3 Qxe6 55.Qe2 Qf7 56.Bxh5 Rxg2 57.Qxg2 Qxc4 58.Qc2 Qd4+
59.Kb3 Qe3+ 60.Kc4 Qd4+ 61.Kb5 c4 62.Qf2  1-0

[Event "POL-ch"]
[Site "?"]
[Date "1992.??.??"]
[Round "7"]
[White "Przewoznik, Jan"]
[Black "Sznapik, Aleksander"]
[Result "1/2-1/2"]
[WhiteElo "2415"]
[BlackElo "2460"]

1.Nf3 Nf6 2.c4 g6 3.Nc3 Bg7 4.e4 d6 5.d4 O-O 6.Be2 e5 7.Be3 Ng4 8.Bg5 f6
9.Bc1 Nc6 10.d5 Ne7 11.Nd2 Nh6 12.h4 Nf7 13.h5 Bh6 14.Nb3 Bxc1 15.Qxc1 c5
16.Qe3 Bd7 17.O-O-O g5 18.g4 a6 19.a4 b6 20.Kc2 Qc8 21.f3 Qc7 22.Ra1 Rfb8
23.Nd2 Nc8 24.Ra2 Na7 25.Rha1 Rb7 26.Kd1 Rab8 27.Ra3  1/2-1/2

[Event "Polanica Zdroj op"]
[Site "Polanica Zdroj"]
[Date "1992.??.??"]
[Round "3"]
[White "Lada, Marek"]
[Black "Skalik, Przemyslaw"]
[Result "1-0"]
[WhiteElo "2310"]
[BlackElo "2375"]

1.d4 Nf6 2.c4 g6 3.Nc3 Bg7 4.e4 d6 5.Nf3 O-O 6.Be2 e5 7.d5 a5 8.Bg5 h6 9.Bh4 Na6
10.Nd2 Qe8 11.O-O Bd7 12.b3 Nh7 13.a3 h5 14.f3 Bh6 15.Rb1 Be3+ 16.Kh1 Bc5
17.Qc1 Kh8 18.Na2 Rg8 19.b4 axb4 20.axb4 Be3 21.Qb2 f5 22.Bf2 Bxf2 23.Rxf2 f4
24.c5 g5 25.Nc4 Qb8 26.Bf1 b5 27.Na5 Nxc5 28.bxc5 Rxa5 29.c6 Bc8 30.Nc3 g4
31.Nxb5 g3 32.Rc2 gxh2 33.Ra1 Qb6 34.Kxh2 Rxa1 35.Qxa1 Ba6 36.Nxd6 Bxf1 37.Qxe5+  1-0

[Event "Polanica Zdroj op"]
[Site "Polanica Zdroj"]
[Date "1992.??.??"]
[Round "4"]
[White "Rymaszewski, Dariusz"]
[Black "Kveinys, Aloyzas"]
[Result "0-1"]
[WhiteElo "2230"]
[BlackElo "2485"]

1.Nf3 Nf6 2.c4 g6 3.Nc3 Bg7 4.e4 d6 5.d4 O-O 6.Be2 Nbd7 7.O-O e5 8.Qc2 c6
9.d5 c5 10.a3 Nh5 11.g3 h6 12.b4 Nhf6 13.Rb1 Qe7 14.Nd2 Ne8 15.Bd3 b6 16.Nb3 Ba6
17.Nb5 h5 18.Be3 Kh7 19.Rfd1 Bxb5 20.cxb5 Bh6 21.Bxh6 Kxh6 22.bxc5 Nxc5 23.Nxc5 dxc5
24.a4 Nd6 25.a5 h4 26.Ra1 Kg7 27.axb6 axb6 28.Ra6 Rab8 29.Qb2 hxg3 30.hxg3 Rh8
31.Bf1 f6 32.Bg2 Rb7 33.f4 Re8 34.Rda1 Qd7 35.Ra8 Rxa8 36.Rxa8 Qxb5 37.Qa1 Nf7
38.Rc8 Qa5 39.Qxa5 bxa5 40.Rxc5 Ra7 41.Bf1 a4 42.Bc4 Nd6 43.Be2 Nxe4 44.Rc8 a3
45.Kg2 Nd6 46.Rc6 Nb5 47.Rc5 Rb7 48.fxe5 fxe5 49.Kf3 Rb6 50.Ke3 Kf6 51.Rc8  0-1

[Event "Polanica Zdroj op"]
[Site "Polanica Zdroj"]
[Date "1992.??.??"]
[Round "7"]
[White "Lada, Marek"]
[Black "Volosin, Vladimir"]
[Result "0-1"]
[WhiteElo "2310"]
[BlackElo "2320"]

1.d4 Nf6 2.c4 g6 3.Nc3 Bg7 4.e4 d6 5.Nf3 O-O 6.Be2 e5 7.d5 Nbd7 8.Bg5 h6
9.Bh4 g5 10.Bg3 Nh5 11.h4 g4 12.Nh2 Nxg3 13.fxg3 h5 14.O-O f5 15.exf5 Nf6
16.Bd3 e4 17.Nxe4 Nxe4 18.Bxe4 Bxb2 19.Rb1 Qf6 20.Nxg4 hxg4 21.Qxg4+ Qg7
22.Qxg7+ Bxg7 23.g4 Bd7 24.g5 Rae8 25.Bd3 Re3 26.Rb3 Bd4 27.Kh1 Ba4 28.Ra3 Bc2
29.Rf3 Rxf3 30.gxf3 Bb2 31.Rxa7 Bxd3 32.Rxb7 Bd4 33.Rxc7 Rxf5 34.Kg2 Be2
35.Rd7 Bxf3+ 36.Kh3 Bc5 37.a4 Be2 38.a5 Bxc4 39.Kg4 Rf7 40.Rd8+ Kg7 41.h5 Be2+  0-1

[Event "Police op"]
[Site "Police"]
[Date "1992.??.??"]
[Round "8"]
[White "Weglarz, Leszek"]
[Black "Germanavicius, Sarunas"]
[Result "1/2-1/2"]
[WhiteElo "2330"]
[BlackElo "2355"]

1.d4 Nf6 2.c4 g6 3.Nc3 Bg7 4.e4 O-O 5.Nf3 d6 6.Be2 e5 7.O-O Qe8 8.dxe5 dxe5
9.b3 Qe7 10.Nd5 Qd6 11.Nxf6+ Qxf6 12.Bg5 Qc6 13.Nd2 Na6 14.b4 Nxb4 15.Be7 Na6
16.Bxf8 Bxf8 17.Bg4 Nc5 18.Bxc8 Rxc8 19.Nf3 Bg7 20.Re1 Nxe4 21.Rc1 b6 22.Qc2 f5
23.c5 bxc5 24.Qb3+ Kh8 25.Rxe4 fxe4 26.Ng5 h6 27.Nf7+ Kh7 28.Ng5+ Kh8 29.Nf7+ Kh7  1/2-1/2

[Event "Policka"]
[Site "Policka"]
[Date "1992.??.??"]
[Round "?"]
[White "Stajcic, Nikola"]
[Black "Weber, Siegfried"]
[Result "1-0"]
[WhiteElo "2300"]
[BlackElo "2270"]

1.d4 g6 2.c4 d6 3.Nc3 Bg7 4.e4 Nd7 5.Nf3 e5 6.Be2 Ngf6 7.O-O O-O 8.Re1 c6
9.Bf1 exd4 10.Nxd4 Re8 11.Nc2 Nc5 12.f3 Nh5 13.g4 Qh4 14.gxh5 Re5 15.Re2 Rxh5
16.Qe1 Qf6 17.Rf2 Qh4 18.Rg2 Qxe1 19.Nxe1 Bd4+ 20.Kh1 Bh3 21.Bf4 Bxg2+ 22.Nxg2 Rd8
23.Rd1 Ne6 24.Bg3 Be5 25.f4 Bxc3 26.bxc3 Ra5 27.Bh4 Rd7 28.Re1 Nc5 29.Re2 Kg7
30.Ne1 f6 31.e5 dxe5 32.fxe5 fxe5 33.Rxe5 Nb3 34.Re2 Nc1 35.Rc2 Rd1 36.Rb2 b6
37.Be2 Nxe2 38.Rxe2 Rf5 39.Kg2 g5 40.Bf2 c5 41.Bg3 Rf7 42.Nf3 Rfd7 43.Kh3 h6
44.Re6 Rf1 45.Ne5 Rb7 46.Rg6+ Kh7 47.Kg4 Rg7 48.Re6 Kg8 49.Rxh6 Ra1 50.Rc6 Rxa2
51.Rc8+ Kh7 52.Nf3 Re7 53.Kh5 Kg7 54.Be5+ Rxe5 55.Nxe5 Rxh2+ 56.Kxg5 Rg2+
57.Kf5 Rf2+ 58.Ke6 Rc2 59.Rc7+ Kh6 60.Rxa7 Rxc3 61.Rb7  1-0

[Event "Ponferrada op"]
[Site "Ponferrada"]
[Date "1992.??.??"]
[Round "?"]
[White "Hoffman, Alejandro"]
[Black "Calvo, Jesus Maria"]
[Result "0-1"]
[WhiteElo "2445"]
[BlackElo "2245"]

1.d4 g6 2.c4 Bg7 3.Nc3 d6 4.e4 Nd7 5.Nf3 Ngf6 6.Be2 e5 7.O-O O-O 8.Qc2 c6
9.Rd1 Qe7 10.d5 c5 11.g3 Ne8 12.Nh4 Kh8 13.a3 Ndf6 14.Bg5 h6 15.Bd2 Nh7 16.Kh1 Ng5
17.Be1 Nf6 18.f3 h5 19.b4 b6 20.bxc5 bxc5 21.Rab1 Bh6 22.Bd2 Ng8 23.Bd3 Nh3
24.Bxh6 Nxh6 25.Rb2 Kg7 26.Rdb1 Qg5 27.Qd2 Qf6 28.Rf1 Re8 29.Ng2 Ng5 30.f4 Nh3
31.f5 g5 32.Be2 g4 33.Nb5 Qd8 34.f6+ Kh7 35.Nh4 Rg8 36.Bd3 a6 37.Nc3 Ng5
38.Kg2 Bd7 39.Nd1 Rb8 40.Rxb8 Qxb8 41.Ne3 Qb3 42.Rb1 Qxa3 43.Nc2 Qa2 44.Rb6 Nf3
45.Nxf3 gxf3+ 46.Kxf3 h4 47.Qe1 Ng4 48.Kg2 h3+ 49.Kg1 Nxf6 50.Rxd6 Rb8 51.Ne3 Ng4
52.Bc2 Nxe3 53.g4 Ng2 54.Qc1 Nf4 55.Qe1 Ng6 56.Qf1 Be8 57.Qxh3+ Kg8  0-1

[Event "Ponferrada op"]
[Site "Ponferrada"]
[Date "1992.??.??"]
[Round "?"]
[White "Garcia Padron, Jose"]
[Black "Rodriguez Aguilera, Ant"]
[Result "1-0"]
[WhiteElo "2435"]
[BlackElo "2260"]

1.d4 Nf6 2.Nf3 g6 3.c4 Bg7 4.Nc3 d6 5.e4 O-O 6.Be2 e5 7.d5 Nbd7 8.Bg5 h6
9.Bh4 g5 10.Bg3 Nh5 11.h4 g4 12.Nd2 Nxg3 13.fxg3 h5 14.O-O f5 15.exf5 Nc5
16.Nde4 Bxf5 17.Nxc5 dxc5 18.Bd3 e4 19.Bxe4 Bxe4 20.Nxe4 Qe7 21.Qd3 Qe5 22.Kh2 Qd4
23.Qxd4 Bxd4 24.Ng5 Bxb2 25.Rab1 Rxf1 26.Rxf1 Rf8 27.Rb1 Rf2 28.Ne4 Rc2 29.Nxc5 b6
30.Ne6 Be5 31.Rf1 Bd6 32.Rf5 Rxc4 33.Rxh5 Be7 34.Rh6 a5 35.h5 Re4 36.Nxc7 Re5
37.d6 Bxd6 38.Rxd6 Rxh5+ 39.Kg1 Rc5 40.Nd5 b5 41.Ne3 b4 42.Rd5 Rc3 43.Nxg4 a4
44.Kh2  1-0

[Event "Pontevedra2"]
[Site "Pontevedra"]
[Date "1992.??.??"]
[Round "3"]
[White "Gallego, Victoriano"]
[Black "Caselas, Jacobo"]
[Result "1/2-1/2"]
[WhiteElo "2405"]
[BlackElo "2250"]

1.d4 Nf6 2.Nf3 g6 3.c4 Bg7 4.Nc3 O-O 5.e4 d6 6.Be2 e5 7.dxe5 dxe5 8.Qxd8 Rxd8
9.Bg5 Re8 10.O-O-O h6 11.Bh4 Na6 12.Ne1 c6 13.Nc2 Nc5 14.f3 Ne6 15.Bf2 Bf8
16.Rd2 Bc5 17.Bxc5 Nxc5 18.b4 Ne6 19.c5 a5 20.a3 axb4 21.axb4 Nf4 22.Bc4 Be6
23.Bxe6 Nxe6 24.Kb2 b6 25.cxb6 Reb8 26.Ra1 Rxa1 27.Nxa1 Rxb6 28.Kb3 Ra6 29.Ra2 Rxa2
30.Kxa2 Nd4 31.Kb2 Kf8 32.Nb3 Ne6 33.Na5 Nd4 34.Nb3 Ne6 35.Ne2 Nd7 36.Na5 Nd8
37.Kb3 Nb6 38.Nc4 Nxc4 39.Kxc4 Ne6 40.Nc1 Ke7 41.Nd3 Kd6 42.h4 g5 43.h5 Ng7
44.Nf2 Nxh5 45.Ng4 Nf4 46.Nxh6 f6 47.g3 Ne2 48.Nf5+ Kd7 49.Kd3 Nc1+ 50.Kc4 Ne2
51.Kd3  1/2-1/2

[Event "POR-ch"]
[Site "?"]
[Date "1992.??.??"]
[Round "3"]
[White "Neto, Horacio"]
[Black "Parcerias, Pedro"]
[Result "1-0"]
[WhiteElo "2215"]
[BlackElo "2255"]

1.Nf3 Nf6 2.c4 g6 3.Nc3 Bg7 4.e4 d6 5.d4 O-O 6.Be2 Qe8 7.O-O e5 8.dxe5 dxe5
9.Be3 b6 10.Nd2 Na6 11.c5 Nxc5 12.Bxc5 bxc5 13.Na4 Qe7 14.Qc2 Rd8 15.Rfd1 Bh6
16.Nb3 Ng4 17.g3 Rd6 18.Qxc5 Qf6 19.Rf1 Rc6 20.Qd5 Nxf2 21.Na5 Bb7 22.Nxb7 Rc2
23.Rae1 Be3 24.Kg2 Rd2 25.Qb3 Bd4 26.Qf3 Qc6 27.Na5 Qxa4 28.Nb3 Qb4 29.Nxd4 Rxd4
30.Rxf2 Rf8 31.b3 Rdd8 32.Bc4 Rd2 33.Ree2 Rxe2 34.Rxe2 Qe7 35.Rd2 h5 36.Qd3 Qg5
37.Qd7 h4 38.Rf2 hxg3  1-0

[Event "POR-ch sf"]
[Site "POR"]
[Date "1992.??.??"]
[Round "4"]
[White "Santos, Antonio P"]
[Black "Parcerias, Pedro"]
[Result "0-1"]
[WhiteElo "2290"]
[BlackElo "2255"]

1.d4 Nf6 2.c4 g6 3.Nc3 Bg7 4.e4 d6 5.Be2 O-O 6.Nf3 Qe8 7.O-O e5 8.dxe5 dxe5
9.Be3 b6 10.Nd5 Na6 11.Qc2 Nd7 12.a3 c6 13.Nc3 Nac5 14.Rad1 f5 15.exf5 gxf5
16.b4 Ne6 17.Rfe1 e4 18.Nd4 Ne5 19.f4 Nxd4 20.Bxd4 Nd3 21.Bxg7 Nxe1 22.Qb2 Qg6
23.Rxe1 Qxg7 24.Bf1 Be6 25.Re3 Qd4 26.Qf2 Kh8 27.Ne2 Qd2 28.Rh3 Bxc4 29.Rxh7+ Kxh7
30.Qh4+ Kg7 31.Qg5+ Kf7 32.Qxf5+ Ke7 33.Qxe4+ Be6 34.Nd4 Qxf4 35.Qxe6+ Kd8
36.Nf3 Qf6 37.Qe4 Kc7 38.h4 Rae8 39.Qc4 Qf4 40.Qa6 Qe3+ 41.Kh2 b5 42.a4 Rxf3
43.gxf3 Qf2+  0-1

[Event "Porz"]
[Site "Porz"]
[Date "1992.??.??"]
[Round "2"]
[White "Vaganian, Rafael A"]
[Black "Schaefer, Markus"]
[Result "1-0"]
[WhiteElo "2615"]
[BlackElo "2435"]

1.Nf3 Nf6 2.c4 g6 3.Nc3 Bg7 4.e4 d6 5.d4 O-O 6.Be2 Na6 7.O-O e5 8.Qc2 Nb4
9.Qb3 Nc6 10.Rd1 exd4 11.Nxd4 Nxd4 12.Rxd4 Ng4 13.Rd3 Qh4 14.Bxg4 Bxg4 15.Bf4 Be6
16.Bg3 Qe7 17.Re1 Rfd8 18.Nd5 Bxd5 19.cxd5 c5 20.dxc6 bxc6 21.Qd1 Be5 22.Qd2 Rab8
23.b3 c5 24.Rd5 Bd4 25.Qf4 Be5 26.Qd2 Bd4 27.h3 Rb6 28.Kh1 Qe6 29.f3 f5 30.Rxf5 Bc3
31.Qg5 Re8 32.Rd1 Ra6 33.Rfd5 Bd4 34.Qd2 Rf8 35.Kh2 Rb6 36.Qd3 Re8 37.Re1 a5
38.f4 a4 39.f5 Qf7 40.fxg6 hxg6 41.bxa4 Rf8 42.Rxd4 cxd4 43.Qxd4 Rfb8 44.Bxd6 Rb1
45.Re2 Rd8 46.e5 Qf1 47.Qc4+ Kg7 48.Qc7+ Kh6 49.Re4  1-0

[Event "Porz op28"]
[Site "Porz"]
[Date "1992.??.??"]
[Round "6"]
[White "Grigore, George"]
[Black "Mowsziszian, Karen"]
[Result "1-0"]
[WhiteElo "2410"]
[BlackElo "2435"]

1.d4 Nf6 2.c4 g6 3.Nc3 Bg7 4.e4 d6 5.Be2 O-O 6.Nf3 Nbd7 7.O-O e5 8.Re1 c6
9.Bf1 h6 10.h3 exd4 11.Nxd4 Re8 12.Nb3 Qe7 13.Bf4 Ne5 14.Qd2 g5 15.Bh2 g4
16.hxg4 Nfxg4 17.Bf4 Qh4 18.Bg3 Qh5 19.Nd4 Be6 20.b3 Rad8 21.Rad1 Bc8 22.Be2 Kh8
23.Nf3 Rg8 24.Nxe5 Bxe5 25.Bxg4 Bxg4 26.Bxe5+ dxe5 27.Qxd8 Rxd8 28.Rxd8+ Kg7
29.Rd3 Qh4 30.Nb1 h5 31.Nd2 Qe7 32.Nf1 Qa3 33.Rd2 a5 34.Rb1 Qb4 35.Rc2 Qd6
36.Ne3 Qd3 37.Re1 Qxe4 38.f3 Bxf3 39.gxf3 Qxf3 40.Rf2 Qh3 41.Ng2 a4 42.Re3 Qe6
43.Nf4 Qd6 44.Nxh5+ Kf8 45.Nf6 axb3 46.axb3 Ke7 47.Kg2 Qd4 48.Re4 Qc3 49.Rf3 Qc2+
50.Kg3 Ke6 51.Ree3 Kd6 52.Ne4+ Ke7 53.Nf2 f6 54.Ng4 Qb1 55.Rxf6 Qg1+ 56.Kh4 Kd8
57.Rxe5 Qh1+ 58.Kg5 Qc1+ 59.Re3 Kc7 60.Re6 Kb6 61.Nf6 Qg1+ 62.Kf5 Qf2+ 63.Kg6 Qg1+
64.Kf7 Kc5 65.Nd7+ Kb4 66.Ke7 Qg5+ 67.Kd6 Qf4+ 68.R6e5 Qd4+ 69.Kc7 Qd2 70.Nb6 Qg2
71.Kxb7 c5+ 72.Nd5+ Ka5 73.b4+ cxb4 74.c5 Qg7+ 75.Ne7 b3 76.R3e4 b2 77.c6+ Qxe5
78.Rxe5+ Ka4 79.Re1  1-0

[Event "Porz op28"]
[Site "Porz"]
[Date "1992.??.??"]
[Round "6"]
[White "Szypulski, Andrzej"]
[Black "Schebler, Gerhard"]
[Result "1-0"]
[WhiteElo "2395"]
[BlackElo "2295"]

1.d4 d6 2.Nf3 Nf6 3.c4 g6 4.Nc3 Bg7 5.e4 O-O 6.Be2 e5 7.Be3 Ng4 8.Bg5 f6
9.Bc1 Nh6 10.O-O Nf7 11.Be3 Bh6 12.Bxh6 Nxh6 13.Qd2 Nf7 14.Rad1 c6 15.b3 Qe7
16.h3 Na6 17.c5 Nc7 18.cxd6 Qxd6 19.dxe5 Qxd2 20.Rxd2 fxe5 21.Na4 Ne6 22.Bc4 b6
23.Rc1 Re8 24.Nb2 Kg7 25.Nd3 Kf6 26.Nb4 Bb7 27.Rd7 Re7 28.Bxe6 Kxe6 29.Rxe7+ Kxe7
30.Nxc6+ Kd6 31.Nb4 Bxe4 32.Nd2 Bb7 33.Nc4+ Ke6 34.Re1 Kf6 35.Nd3 e4 36.Nb4 Rd8
37.Ne3 Ne5 38.Rc1 Rd7 39.Rd1 Rxd1+ 40.Nxd1 a5 41.Nc2 Nd3 42.Nde3 b5 43.Nd4 b4
44.Nc4 Nc1 45.Nxa5 Bd5 46.Kf1 Nxa2 47.Ke2 Ke5 48.Ke3 Kd6 49.Ne2 Kc5 50.Nf4 Bf7
51.Kxe4 Kb5 52.Nb7 Bxb3 53.Kd4 Bc2 54.Nd6+ Ka4 55.Nd5 Kb3 56.f4 Nc3 57.Nxc3 bxc3
58.Nb5 Bf5 59.Nxc3 Kc2 60.Ne4 h5 61.Nd6 Bd7 62.Nc4 Kd1 63.Ne5 Be8 64.Ke3 Ke1
65.g4 Kf1 66.Kf3 Kg1 67.Kg3 hxg4 68.hxg4 Kf1 69.Kh4 Kf2 70.Kg5 Ke3 71.Nxg6 Bd7
72.f5  1-0

[Event "Porz"]
[Site "Porz"]
[Date "1992.??.??"]
[Round "6"]
[White "Grimm, Sascha"]
[Black "Schaefer, Markus"]
[Result "1/2-1/2"]
[WhiteElo "2325"]
[BlackElo "2435"]

1.Nf3 Nf6 2.c4 g6 3.Nc3 Bg7 4.d4 O-O 5.e4 d6 6.Be2 Na6 7.O-O e5 8.Re1 Qe8
9.Bf1 Bg4 10.d5 Nb4 11.Be2 a5 12.h3 Bd7 13.Rb1 Na6 14.b3 Nh5 15.a3 Nf4 16.Bf1 Qe7
17.Kh2 h6 18.g3 Nh5 19.b4 axb4 20.axb4 f5 21.Bg2 Nf6 22.Nh4 Qf7 23.Rb2 fxe4
24.Nxe4 g5 25.Nf3 Nxe4 26.Rxe4 Qh5 27.g4 Qg6 28.Qe2 b5 29.Ne1 Rfb8 30.cxb5 Bxb5
31.Qd1 c5 32.bxc5 Nxc5 33.Reb4 Qe8 34.Be3 Ba4 35.Qb1 Rxb4 36.Rxb4 Bd7 37.Rb6 e4
38.Bxc5 dxc5 39.Qxe4 Qxe4 40.Bxe4 Re8 41.f3 c4 42.Rb7 Ba4 43.Kg2 c3 44.Kf1 Be5
45.Nc2 Bxc2 46.Bxc2 Rb8 47.Rxb8+ Bxb8 48.Ke2 Kf7 49.Kd3 Be5 50.Kc4 Ke7 51.Kc5 Kd7
52.Bf5+ Ke7  1/2-1/2

[Event "Porz"]
[Site "Porz"]
[Date "1992.??.??"]
[Round "8"]
[White "Kalinitschew, Sergey"]
[Black "Schaefer, Markus"]
[Result "1/2-1/2"]
[WhiteElo "2465"]
[BlackElo "2435"]

1.Nf3 Nf6 2.c4 g6 3.Nc3 Bg7 4.e4 d6 5.d4 O-O 6.Be2 Na6 7.O-O e5 8.Be3 Ng4
9.Bg5 f6 10.Bh4 Nh6 11.a3 g5 12.Bg3 f5 13.exf5 g4 14.Ne1 exd4 15.Nb5 Qf6
16.Bxg4 Nxf5 17.Nf3 d3 18.Qxd3 Nc5 19.Qd5+ Be6 20.Qd1 Rf7 21.Rc1 Bh6 22.Bxf5 Bxf5
23.Rc3 Ne4 24.Rb3 Nc5 25.Bh4 Qg7 26.Rc3 Ne4 27.Rb3 Nc5 28.Rc3 Ne4 29.Rb3 Nc5
30.Rc3  1/2-1/2